书目信息 |
| 题名: |
攀枝花铁矿发现人刘之祥及其学术研究成果
|
|
| 作者: | 吴焕荣, 主编 | |
| 分册: | ||
| 出版信息: | 成都 四川大学出版社 2019.11 |
|
| 页数: | 310页, 8页图版 | |
| 开本: | 26cm | |
| 丛书名: | ||
| 单 册: | ||
| 中图分类: | TD8-53 | |
| 科图分类: | ||
| 主题词: | 矿山开采--kuang shan kai cai--文集 | |
| 电子资源: | ||
| ISBN: | 978-7-5690-3166-9 | |
| 000 | 00937nam0 2200229 450 | |
| 001 | 2076676142 | |
| 005 | 20201105211803.47 | |
| 010 | @a978-7-5690-3166-9@dCNY128.00 | |
| 100 | @a20191224d2019 em y0chiy50 ea | |
| 101 | 0 | @achi |
| 102 | @aCN@b510000 | |
| 105 | @aaf z 000yy | |
| 200 | 1 | @a攀枝花铁矿发现人刘之祥及其学术研究成果@Apan zhi hua tie kuang fa xian ren liu zhi xiang ji qi xue shu yan jiu cheng guo@f主编吴焕荣 |
| 210 | @a成都@c四川大学出版社@d2019.11 | |
| 215 | @a310页, 8页图版@c图@d26cm | |
| 314 | @a吴焕荣, 北京科技大学教授, 研究生导师。 | |
| 330 | @a本书对刘之祥教授的生平及主要成果进行了梳理。该书共分为五个部分, 内容包括: 刘之祥生平概述 ; 发现攀枝花矿产资源的代表人 ; 学术地位和研究成果 ; 回忆文稿 ; 学生回忆恩施刘之祥等。 | |
| 606 | 0 | @a矿山开采@Akuang shan kai cai@j文集 |
| 690 | @aTD8-53@v5 | |
| 701 | 0 | @a吴焕荣,@Awu huan rong@f1936-@4主编 |
| 801 | 0 | @aCN@b人天书店@c20201003 |
| 905 | @aZUCC@dTD8-53@eW795 | |
| 攀枝花铁矿发现人刘之祥及其学术研究成果/主编吴焕荣.-成都:四川大学出版社,2019.11 |
| 310页, 8页图版:图;26cm |
| ISBN 978-7-5690-3166-9:CNY128.00 |
| 本书对刘之祥教授的生平及主要成果进行了梳理。该书共分为五个部分, 内容包括: 刘之祥生平概述 ; 发现攀枝花矿产资源的代表人 ; 学术地位和研究成果 ; 回忆文稿 ; 学生回忆恩施刘之祥等。 |
| ● |
| 相关链接 |
|
|
|
正题名:攀枝花铁矿发现人刘之祥及其学术研究成果
索取号:TD8-53/W795
 
预约/预借
| 序号 | 登录号 | 条形码 | 馆藏地/架位号 | 状态 | 备注 |
| 1 | 1481030 | 214810301 | 自科库501/501自科库 21排3列5层/ [索取号:TD8-53/W795] | 在馆 |